[Event "NOR-chT Elite 1920"]
[Site "Norway"]
[Date "2020.03.08"]
[Round "9.3"]
[White "Kvamme, John Agnar"]
[Black "Machlik, Endre"]
[Result "1/2-1/2"]
[WhiteElo "2096"]
[BlackElo "2105"]
[PlyCount "79"]
[EventDate "2019.11.01"]
[EventType "team-tourn"]
[EventRounds "9"]
[EventCountry "NOR"]
[SourceTitle "CBM 195 Extra"]
[Source "ChessBase"]
[SourceDate "2020.05.31"]
[SourceVersion "1"]
[SourceVersionDate "2020.05.31"]
[SourceQuality "1"]
[WhiteTeam "SK 96"]
[BlackTeam "Tromsoe"]
[WhiteTeamCountry "NOR"]
[BlackTeamCountry "NOR"]

1. Nf3 d5 2. g3 Nf6 3. Bg2 c5 4. 0-0 Nc6 5. d4 e6 6. c4 dxc4 7. Qa4 Bd7 8. Qxc4 cxd4 9. Nxd4 Rc8 10. Nc3 Bd6 11. Ndb5 Bb8 12. Rd1 Qe7 13. Qd3 Ne5 14. Nd6+ Bxd6 15. Qxd6 Qxd6 16. Rxd6 Ke7 17. Rd4 Bc6 18. Bf4 Nfd7 19. Rad1 Bxg2 20. Kxg2 Rc4 21. Rxc4 Nxc4 22. b3 Nce5 23. Nb5 Rc8 24. Rc1 Rxc1 25. Bxc1 Nc6 26. Ba3+ Kf6 27. Nd6 b6 28. Bb2+ e5 29. f4 Ke6 30. Ne4 f6 31. Kf3 Nb4 32. Nc3 Nc5 33. Ba3 Nca6 34. Nb5 Nxa2 35. Nxa7 N2b4 36. Nc8 Nc2 37. Bb2 b5 38. fxe5 fxe5 39. Na7 Nc5 40. Nxb5 1/2-1/2

[Event "Reykjavik op"]
[Site "Reykjavik"]
[Date "2018.03.07"]
[Round "2"]
[White "Alderson, John KA"]
[Black "Kvamme, John Agnar"]
[Result "1/2-1/2"]
[WhiteElo "1824"]
[BlackElo "2108"]
[PlyCount "79"]
[EventDate "2018.03.06"]
[EventType "swiss"]
[EventRounds "9"]
[EventCountry "ISL"]
[SourceTitle "CBM 183 Extra"]
[Source "ChessBase"]
[SourceDate "2018.04.19"]
[SourceVersion "1"]
[SourceVersionDate "2018.04.19"]
[SourceQuality "1"]

1. c4 Nf6 2. g3 g6 3. Bg2 Bg7 4. Nc3 0-0 5. e4 d6 6. Nge2 Nc6 7. Rb1 a6 8. d3 Rb8 9. a3 b5 10. cxb5 axb5 11. b4 e5 12. 0-0 Nd4 13. Nxd4 exd4 14. Nd5 Nxd5 15. exd5 Bf5 16. Be4 Qd7 17. Qc2 Rfe8 18. Bf4 Re7 19. Rfe1 Rbe8 20. Bg5 f6 21. Bd2 Bh3 22. Bg2 Bxg2 23. Kxg2 Qf5 24. Rxe7 Rxe7 25. Re1 Qxd5+ 26. Kg1 Rxe1+ 27. Bxe1 c6 28. f4 f5 29. Bf2 h5 30. a4 bxa4 31. Qxa4 Qb5 32. Qxb5 cxb5 33. h4 d5 34. Kf1 Kf7 35. Ke2 Bf8 36. Be1 Bd6 37. Bd2 Bc7 38. Kf3 Bd6 39. Be1 Be7 40. Bd2 1/2-1/2

[Event "Reykjavik op"]
[Site "Reykjavik"]
[Date "2018.03.06"]
[Round "1"]
[White "Kvamme, John Agnar"]
[Black "Thavandiran, Shiyam"]
[Result "0-1"]
[WhiteElo "2108"]
[BlackElo "2399"]
[PlyCount "84"]
[EventDate "2018.03.06"]
[EventType "swiss"]
[EventRounds "9"]
[EventCountry "ISL"]
[SourceTitle "CBM 183 Extra"]
[Source "ChessBase"]
[SourceDate "2018.04.19"]
[SourceVersion "1"]
[SourceVersionDate "2018.04.19"]
[SourceQuality "1"]

1. Nf3 Nf6 2. b3 c5 3. Bb2 e6 4. g3 b6 5. Bg2 Bb7 6. 0-0 d6 7. d3 Be7 8. e4 Nbd7 9. Nbd2 Qc7 10. a4 a6 11. Re1 0-0 12. e5 dxe5 13. Nxe5 Bxg2 14. Kxg2 Nxe5 15. Bxe5 Qc6+ 16. Qf3 Qxf3+ 17. Kxf3 Nd5 18. Nc4 b5 19. Ne3 Nb4 20. Bc3 Nc6 21. axb5 axb5 22. Rxa8 Rxa8 23. Ra1 Rxa1 24. Bxa1 f5 25. g4 g6 26. h3 Kf7 27. gxf5 gxf5 28. Ke2 Kg6 29. c4 b4 30. Kd1 Bf6 31. Bxf6 Kxf6 32. Nc2 Ke5 33. Kd2 Kf4 34. Ke2 e5 35. Kf1 Na5 36. Na1 Kf3 37. Ke1 Kg2 38. h4 f4 39. h5 h6 40. Ke2 Nc6 41. Nc2 Nd4+ 42. Nxd4 exd4 0-1

[Event "Reykjavik op"]
[Site "Reykjavik"]
[Date "2017.04.20"]
[Round "3"]
[White "Muhr, Andreas"]
[Black "Kvamme, John Agnar"]
[Result "0-1"]
[WhiteElo "1801"]
[BlackElo "2151"]
[PlyCount "38"]
[EventDate "2017.04.19"]
[EventType "swiss"]
[EventRounds "10"]
[EventCountry "ISL"]
[SourceTitle "CBM 178 Extra"]
[Source "ChessBase"]
[SourceDate "2017.06.22"]
[SourceVersion "1"]
[SourceVersionDate "2017.06.22"]
[SourceQuality "1"]

1. Nc3 c5 2. Ne4 d6 3. e3 Nc6 4. b3 e5 5. c4 f5 6. Nc3 Nf6 7. Bb2 Be7 8. h4 0-0 9. Nh3 f4 10. Ng5 Bf5 11. e4 Bd7 12. Be2 Nd4 13. Nd5 Nxd5 14. Bxd4 exd4 15. cxd5 Bxg5 16. hxg5 Qxg5 17. Rh2 Rae8 18. Qc2 f3 19. Bf1 Qe5 0-1

[Event "Reykjavik op"]
[Site "Reykjavik"]
[Date "2016.03.14"]
[Round "8"]
[White "Kvamme, John Agnar"]
[Black "Baer, Samuel"]
[Result "1-0"]
[WhiteElo "2155"]
[BlackElo "2003"]
[PlyCount "67"]
[EventDate "2016.03.08"]
[EventType "swiss"]
[EventRounds "10"]
[EventCountry "ISL"]
[SourceTitle "CBM 171 Extra"]
[Source "ChessBase"]
[SourceDate "2016.04.26"]
[SourceVersion "1"]
[SourceVersionDate "2016.04.26"]
[SourceQuality "1"]

1. Nf3 c5 2. c4 Nc6 3. g3 e5 4. Nc3 g6 5. Bg2 Bg7 6. 0-0 d6 7. d3 Nge7 8. a3 0-0 9. Rb1 a5 10. Bg5 h6 11. Bxe7 Nxe7 12. b4 axb4 13. axb4 Ra3 14. Nb5 Ra6 15. bxc5 dxc5 16. Nd2 Nc6 17. Ne4 Qe7 18. Nbd6 Nb4 19. Nxc8 Rxc8 20. Nc3 Qd7 21. Nd5 Nxd5 22. Bxd5 Rc7 23. Rb5 b6 24. Qb3 Qd6 25. Rb1 h5 26. Rxb6 Rxb6 27. Qxb6 Qxb6 28. Rxb6 Kf8 29. Kg2 Bh6 30. e3 Ke7 31. Kf3 Bg7 32. h3 Bf6 33. Ke4 Kf8 34. Rxf6 1-0

[Event "Reykjavik op"]
[Site "Reykjavik"]
[Date "2016.03.13"]
[Round "7"]
[White "Thorfinnsson, Bjorn"]
[Black "Kvamme, John Agnar"]
[Result "1-0"]
[WhiteElo "2410"]
[BlackElo "2155"]
[PlyCount "71"]
[EventDate "2016.03.08"]
[EventType "swiss"]
[EventRounds "10"]
[EventCountry "ISL"]
[SourceTitle "CBM 171 Extra"]
[Source "ChessBase"]
[SourceDate "2016.04.26"]
[SourceVersion "1"]
[SourceVersionDate "2016.04.26"]
[SourceQuality "1"]

1. Nf3 g6 2. d4 Nf6 3. Bg5 Bg7 4. e3 c5 5. c3 b6 6. Nbd2 Bb7 7. Bd3 d6 8. Qc2 0-0 9. h4 cxd4 10. exd4 Nc6 11. h5 Rc8 12. hxg6 hxg6 13. Bc4 Na5 14. Be2 Qd7 15. Rh4 b5 16. b4 Nc4 17. Bxc4 bxc4 18. 0-0-0 Bc6 19. Rdh1 Ba4 20. Bxf6 Bxf6 21. Qe4 d5 22. Rh8+ Bxh8 23. Qh4 Kg7 24. g4 Rg8 25. Ne5 Qe8 26. Ndf3 Kf8 27. Ng5 Qb5 28. Qh7 Bg7 29. Nxg6+ Ke8 30. Qxg8+ Kd7 31. Qxg7 fxg6 32. Re1 Re8 33. Ne6 Kc8 34. Nc5 Qb8 35. Re5 Bc6 36. Qxg6 1-0

[Event "Reykjavik op"]
[Site "Reykjavik"]
[Date "2016.03.12"]
[Round "6"]
[White "Kvamme, John Agnar"]
[Black "Brunello, Marina"]
[Result "1/2-1/2"]
[WhiteElo "2155"]
[BlackElo "2363"]
[PlyCount "33"]
[EventDate "2016.03.08"]
[EventType "swiss"]
[EventRounds "10"]
[EventCountry "ISL"]
[SourceTitle "CBM 171 Extra"]
[Source "ChessBase"]
[SourceDate "2016.04.26"]
[SourceVersion "1"]
[SourceVersionDate "2016.04.26"]
[SourceQuality "1"]

1. d4 d5 2. Bf4 Nf6 3. e3 Bf5 4. Nf3 e6 5. c4 c6 6. Nc3 Nbd7 7. h3 Be7 8. Qb3 Qc8 9. Rc1 dxc4 10. Bxc4 Nb6 11. Be2 h6 12. Nb5 0-0 13. Nc7 Rb8 14. Nb5 Ra8 15. Nc7 Rb8 16. Nb5 Ra8 17. Nc7 1/2-1/2

[Event "Reykjavik op"]
[Site "Reykjavik"]
[Date "2016.03.09"]
[Round "2"]
[White "Kvamme, John Agnar"]
[Black "Petrov, Nikita"]
[Result "0-1"]
[WhiteElo "2155"]
[BlackElo "2464"]
[PlyCount "101"]
[EventDate "2016.03.08"]
[EventType "swiss"]
[EventRounds "10"]
[EventCountry "ISL"]
[SourceTitle "CBM 171 Extra"]
[Source "ChessBase"]
[SourceDate "2016.04.26"]
[SourceVersion "1"]
[SourceVersionDate "2016.04.26"]
[SourceQuality "1"]

1. Nf3 d5 2. c4 e6 3. g3 Nf6 4. Bg2 Be7 5. 0-0 0-0 6. b3 c5 7. cxd5 exd5 8. d4 Nc6 9. Nc3 Ne4 10. Bb2 Bf6 11. Na4 cxd4 12. Nxd4 Bd7 13. Rc1 Qe7 14. Nxc6 Bxc6 15. Bd4 Rfe8 16. e3 a6 17. Nb6 Rad8 18. Rc2 Qb4 19. Bxf6 Nxf6 20. Qd4 Qxd4 21. exd4 Bb5 22. Rfc1 Rd6 23. Na4 Rde6 24. h3 g6 25. Nc3 Re1+ 26. Rxe1 Rxe1+ 27. Kh2 Bc6 28. Bf3 g5 29. Nd1 Kf8 30. Ne3 Ra1 31. h4 h6 32. Ng4 Nxg4+ 33. Bxg4 Ke7 34. hxg5 hxg5 35. Bf3 Kd6 36. Be2 Bd7 37. g4 f5 38. f3 f4 39. Kg2 Be8 40. Bd3 Rd1 41. Bf5 Rxd4 42. Rc8 Rd2+ 43. Kg1 Bb5 44. Rg8 Be2 45. Rg6+ Kc5 46. Rxg5 Bxf3 47. Rg8 Kd4 48. Re8 Be4 49. Bxe4 dxe4 50. g5 Ke3 51. g6 0-1

[Event "Politiken Cup 37th"]
[Site "Helsingor"]
[Date "2015.08.02"]
[Round "10"]
[White "Kvamme, John Agnar"]
[Black "Petersen, Tom Petri"]
[Result "0-1"]
[WhiteElo "2158"]
[BlackElo "2360"]
[PlyCount "132"]
[EventDate "2015.07.25"]
[EventType "swiss"]
[EventRounds "10"]
[EventCountry "DEN"]
[SourceTitle "CBM 167 Extra"]
[Source "ChessBase"]
[SourceDate "2015.09.14"]
[SourceVersion "1"]
[SourceVersionDate "2015.09.14"]
[SourceQuality "1"]

1. Nf3 g6 2. d4 Bg7 3. e4 d6 4. c3 Nf6 5. Nbd2 0-0 6. Be2 Nc6 7. 0-0 Nd7 8. Qc2 e5 9. dxe5 Ndxe5 10. Nxe5 Nxe5 11. Nc4 Qe7 12. Nxe5 Qxe5 13. Be3 Re8 14. Bd3 Bd7 15. Bd4 Qf4 16. Be3 Qh4 17. Qd2 h6 18. f3 Re7 19. Rae1 Rae8 20. Bc4 Kh7 21. Bf4 Bc6 22. Rd1 b6 23. Bg3 Qf6 24. Qf4 Qxf4 25. Bxf4 g5 26. Bg3 a5 27. h4 Rf8 28. hxg5 hxg5 29. Kf2 Be5 30. Rh1+ Kg6 31. Rh2 b5 32. Bd3 Bxg3+ 33. Kxg3 Re5 34. Rdh1 Kf6 35. Rh8 Rxh8 36. Rxh8 Be8 37. a3 c5 38. Rh6+ Ke7 39. Kf2 c4 40. Be2 d5 41. exd5 Rxd5 42. Ke3 Re5+ 43. Kf2 f6 44. Rh7+ Kd6 45. Rh6 Re6 46. a4 Kc5 47. axb5 Bxb5 48. Rh8 Rb6 49. Rd8 Bc6 50. Rd2 Be8 51. Rd8 Bc6 52. Rd2 a4 53. Ke3 Rb8 54. Kf2 Be8 55. g3 Rb3 56. Bd1 a3 57. Bxb3 cxb3 58. bxa3 Kc4 59. Re2 Bg6 60. a4 Bc2 61. Re1 b2 62. a5 Kb5 63. g4 Kxa5 64. f4 Kb5 65. fxg5 fxg5 66. Ke3 Kc4 0-1

[Event "Politiken Cup 37th"]
[Site "Helsingor"]
[Date "2015.07.29"]
[Round "6"]
[White "Kvamme, John Agnar"]
[Black "Kollars, Dmitrij"]
[Result "0-1"]
[WhiteElo "2158"]
[BlackElo "2437"]
[PlyCount "114"]
[EventDate "2015.07.25"]
[EventType "swiss"]
[EventRounds "10"]
[EventCountry "DEN"]
[SourceTitle "CBM 167 Extra"]
[Source "ChessBase"]
[SourceDate "2015.09.14"]
[SourceVersion "1"]
[SourceVersionDate "2015.09.14"]
[SourceQuality "1"]

1. Nf3 Nf6 2. c4 g6 3. g3 Bg7 4. Bg2 0-0 5. 0-0 d6 6. Nc3 e5 7. d3 Nc6 8. Rb1 a5 9. a3 Nd4 10. Bg5 h6 11. Bxf6 Qxf6 12. b4 axb4 13. axb4 Bg4 14. Nd5 Qd8 15. Nxd4 exd4 16. h3 Bd7 17. b5 h5 18. Ra1 Rb8 19. Qd2 c6 20. bxc6 bxc6 21. Nb4 Qb6 22. Na6 Rb7 23. Qa5 Qxa5 24. Rxa5 Rb2 25. Bf3 Ra8 26. Rfa1 Ra7 27. c5 d5 28. h4 Rab7 29. Kg2 Ra7 30. R5a4 Rab7 31. Kh2 f5 32. Kg2 Kf7 33. Kf1 Ke6 34. Kg2 Bf6 35. Kf1 Bc8 36. Kg2 Ke5 37. Kf1 f4 38. Kg2 fxg3 39. Kxg3 Ke6 40. Bg2 Kf7 41. R1a2 Rxa2 42. Rxa2 Ra7 43. Nb4 Rxa2 44. Nxa2 Be7 45. e4 dxe3 46. fxe3 Bxc5 47. d4 Bd6+ 48. Kf2 Bf5 49. Nc3 Be7 50. Kg3 Bb4 51. Nd1 Be1+ 52. Nf2 Be4 53. Bxe4 dxe4 54. Kg2 Bxf2 55. Kxf2 Kf6 56. Kg2 g5 57. hxg5+ Kxg5 0-1

[Event "NOR-chB"]
[Site "Oslo"]
[Date "2015.07.08"]
[Round "6"]
[White "Kvamme, John Agnar"]
[Black "Stanford, Sheila Barth"]
[Result "1/2-1/2"]
[WhiteElo "2102"]
[BlackElo "2148"]
[PlyCount "76"]
[EventDate "2015.07.04"]
[EventType "swiss"]
[EventRounds "9"]
[EventCountry "NOR"]
[SourceTitle "EXT 2017"]
[Source "ChessBase"]
[SourceDate "2016.10.25"]
[SourceVersion "1"]
[SourceVersionDate "2016.10.25"]
[SourceQuality "1"]

1. Nf3 d5 2. c4 c6 3. d4 Nf6 4. Qb3 dxc4 5. Qxc4 Bf5 6. g3 e6 7. Bg2 h6 8. 0-0 Be7 9. Nc3 0-0 10. e3 Nbd7 11. Qe2 Ne4 12. Nd2 Nxd2 13. Bxd2 e5 14. d5 Nf6 15. e4 Bg4 16. Bf3 Bxf3 17. Qxf3 b5 18. Rfd1 b4 19. Na4 cxd5 20. exd5 Qxd5 21. Qxd5 Nxd5 22. Bxh6 Rfd8 23. Bd2 e4 24. Rac1 f5 25. Kf1 Bf6 26. h4 Nb6 27. Nxb6 axb6 28. Bxb4 Rxd1+ 29. Rxd1 Rxa2 30. Bc3 Bxc3 31. bxc3 Rc2 32. Rb1 Rxc3 33. Rxb6 Kh7 34. Re6 g6 35. g4 Rf3 36. h5 gxh5 37. gxf5 Rf4 38. Kg2 Kg7 1/2-1/2

[Event "Oslo Nordstrand op"]
[Site "Oslo"]
[Date "2015.04.17"]
[Round "3"]
[White "Gyldenas, Ole Jorn"]
[Black "Kvamme, John Agnar"]
[Result "1/2-1/2"]
[WhiteElo "1957"]
[BlackElo "2136"]
[PlyCount "58"]
[EventDate "2015.04.17"]
[EventType "swiss"]
[EventRounds "5"]
[EventCountry "NOR"]
[SourceTitle "CBM 166 Extra"]
[Source "ChessBase"]
[SourceDate "2015.06.18"]
[SourceVersion "1"]
[SourceVersionDate "2015.06.18"]
[SourceQuality "1"]

1. d4 c5 2. d5 d6 3. c4 Nf6 4. Nc3 g6 5. e4 Bg7 6. Be2 0-0 7. Nf3 e6 8. 0-0 exd5 9. exd5 a6 10. h3 Re8 11. Qc2 Bf5 12. Bd3 Bxd3 13. Qxd3 Nbd7 14. Bf4 Qb6 15. Rae1 Nh5 16. Bc1 Ne5 17. Nxe5 Bxe5 18. b3 Qc7 19. Qc2 Re7 20. Re2 Rae8 21. Rfe1 Bd4 22. Rxe7 Rxe7 23. Rxe7 Qxe7 24. Qe2 Kf8 25. Qxe7+ Kxe7 26. Ne4 Be5 27. g3 Ng7 28. g4 h5 29. f3 hxg4 1/2-1/2

[Event "NOR-ch Master"]
[Site "Trondheim"]
[Date "2014.07.13"]
[Round "2"]
[White "Breivik, Lars H"]
[Black "Kvamme, John Agnar"]
[Result "1-0"]
[WhiteElo "2220"]
[BlackElo "2128"]
[PlyCount "61"]
[EventDate "2014.07.12"]
[EventType "swiss"]
[EventRounds "9"]
[EventCountry "NOR"]
[SourceTitle "EXT 2019"]
[Source "ChessBase"]
[SourceDate "2018.10.10"]
[SourceVersion "1"]
[SourceVersionDate "2018.10.10"]
[SourceQuality "1"]

1. d4 Nf6 2. Nf3 d5 3. e3 c5 4. c4 e6 5. a3 Nc6 6. dxc5 Bxc5 7. b4 Bb6 8. Bb2 0-0 9. Nbd2 d4 10. exd4 Nxd4 11. c5 Nxf3+ 12. Qxf3 Bc7 13. Rd1 e5 14. Ne4 Qe7 15. Nxf6+ Qxf6 16. Qxf6 gxf6 17. Bc4 Be6 18. Bd5 Bxd5 19. Rxd5 Rfd8 20. Rxd8+ Rxd8 21. Ke2 Kf8 22. Rc1 Ke7 23. Rc4 f5 24. Rh4 a5 25. Rxh7 axb4 26. axb4 e4 27. Bc1 Ra8 28. Bg5+ Ke6 29. Rh6+ Ke5 30. g3 Ra2+ 31. Kf1 1-0

[Event "Malmo op"]
[Site "Malmo"]
[Date "2013.12.13"]
[Round "1"]
[White "Kockum, Anton Frisk"]
[Black "Kvamme, John Agnar"]
[Result "1/2-1/2"]
[WhiteElo "2359"]
[BlackElo "2129"]
[PlyCount "49"]
[EventDate "2013.12.13"]
[EventType "swiss"]
[EventRounds "7"]
[EventCountry "SWE"]
[SourceTitle "CBM 157 Extra"]
[Source "ChessBase"]
[SourceDate "2013.12.19"]
[SourceVersion "1"]
[SourceVersionDate "2013.12.19"]
[SourceQuality "1"]

1. d4 Nf6 2. Nf3 d5 3. c4 c5 4. dxc5 e6 5. a3 Bxc5 6. e3 0-0 7. Nc3 a6 8. b4 Ba7 9. cxd5 exd5 10. Be2 Nc6 11. 0-0 d4 12. exd4 Nxd4 13. Nxd4 Qxd4 14. Bb2 Bg4 15. h3 Bxe2 16. Qxe2 Qf4 17. Rad1 Rfe8 18. Qd2 Qxd2 19. Rxd2 Rad8 20. Rxd8 Rxd8 21. Rd1 Rxd1+ 22. Nxd1 Nd5 23. Kf1 f5 24. Ke2 Kf7 25. Ne3 1/2-1/2

[Event "Malmo op"]
[Site "Malmo"]
[Date "2012.12.14"]
[Round "1"]
[White "Pedersen, Nicolai Vesterbaek"]
[Black "Kvamme, John Agnar"]
[Result "1-0"]
[WhiteElo "2443"]
[BlackElo "2162"]
[PlyCount "55"]
[EventDate "2012.12.14"]
[EventType "swiss"]
[EventRounds "7"]
[EventCountry "SWE"]
[SourceTitle "EXT 2014"]
[Source "ChessBase"]
[SourceDate "2013.11.20"]
[SourceVersion "1"]
[SourceVersionDate "2013.11.20"]
[SourceQuality "1"]

1. d4 Nf6 2. c4 e5 3. dxe5 Ng4 4. e3 Nxe5 5. Nh3 Bb4+ 6. Bd2 Bxd2+ 7. Qxd2 d6 8. Nf4 Nbc6 9. Nc3 Bf5 10. Be2 0-0 11. 0-0 Re8 12. e4 Bd7 13. Nfd5 Rc8 14. f4 Ng4 15. Bxg4 Bxg4 16. f5 Ne5 17. h3 Nxc4 18. Qf2 Bxh3 19. gxh3 c6 20. Nf4 b5 21. b3 Ne5 22. Qg3 Kh8 23. Rad1 b4 24. Nce2 c5 25. Nd5 c4 26. bxc4 Rxc4 27. f6 Rg8 28. Ne7 1-0

[Event "NOR-chT West Nord 0910"]
[Site "Norway"]
[Date "2010.01.10"]
[Round "3"]
[White "Mohsen, Abdulla"]
[Black "Kvamme, John Agnar"]
[Result "1-0"]
[WhiteElo "2100"]
[BlackElo "2057"]
[PlyCount "67"]
[EventDate "2009.11.08"]
[EventType "team-tourn"]
[EventRounds "5"]
[EventCountry "NOR"]
[SourceTitle "EXT 2012"]
[Source "ChessBase"]
[SourceDate "2011.11.24"]
[SourceVersion "1"]
[SourceVersionDate "2011.11.24"]
[SourceQuality "1"]

1. d4 d5 2. c4 e6 3. Nc3 c5 4. Nf3 Nc6 5. e3 Nf6 6. cxd5 exd5 7. Be2 a6 8. 0-0 Bd6 9. b3 0-0 10. Bb2 Bg4 11. dxc5 Bxc5 12. Rc1 Ba7 13. Nd4 Ne5 14. h3 Bxe2 15. Ncxe2 Re8 16. Nf5 Qd7 17. Neg3 Re6 18. Qc2 Rd8 19. Rfd1 Rc6 20. Qb1 Rxc1 21. Qxc1 Qe6 22. Qc7 Re8 23. Qxb7 Bb8 24. Nd4 Qd6 25. Ngf5 Qd8 26. f4 Ned7 27. Nc6 Qc7 28. Qxc7 Bxc7 29. Nce7+ Kh8 30. Nxd5 Bd8 31. g4 Nb6 32. Nxf6 Bxf6 33. Bxf6 gxf6 34. Rd6 1-0

[Event "Bergen op"]
[Site "Bergen"]
[Date "2005.03.05"]
[Round "4"]
[White "Kvamme, John Agnar"]
[Black "Bern, Ivar"]
[Result "0-1"]
[WhiteElo "2097"]
[BlackElo "2269"]
[PlyCount "114"]
[EventDate "2005.01.15"]
[EventType "swiss"]
[EventRounds "5"]
[EventCountry "NOR"]
[SourceTitle "EXT 2008"]
[Source "ChessBase"]
[SourceDate "2007.11.25"]
[SourceVersion "1"]
[SourceVersionDate "2007.11.25"]
[SourceQuality "1"]

1. d4 e6 2. Nf3 f5 3. c4 Nf6 4. g3 d5 5. Bg2 c6 6. 0-0 Bd6 7. Nc3 0-0 8. c5 Bc7 9. Bf4 Bxf4 10. gxf4 Na6 11. Rb1 Nc7 12. Ne5 Bd7 13. b4 Be8 14. Qc2 Kh8 15. e3 Qe7 16. Kh1 a6 17. a4 Ng4 18. Qe2 Nxe5 19. dxe5 a5 20. bxa5 Na6 21. Qb2 Rf7 22. Rfc1 Nxc5 23. Bf1 Rxa5 24. Qb4 Qd8 25. f3 Na6 26. Qb6 Qxb6 27. Rxb6 Nc5 28. Rb4 Rc7 29. Rcb1 Kg8 30. Kg2 Kf8 31. Kf2 Ke7 32. R1b2 Rc8 33. Be2 Bd7 34. Rb1 Rca8 35. Kg3 Bc8 36. Bd1 Kd8 37. Bc2 Kc7 38. Kh4 Bd7 39. Rg1 Rg8 40. Ne2 Na6 41. Rb2 c5 42. Nc3 Nb4 43. Bb3 b5 44. axb5 Bxb5 45. e4 Bc6 46. exf5 exf5 47. Kg5 Rf8 48. Rg3 Ra3 49. Rh3 Nd3 50. Nb1 Ra1 51. Rd2 h6+ 52. Kg6 Nxf4+ 53. Kxg7 Ne6+ 54. Kh7 Rxb1 55. Bc2 Rb7 56. Rxh6 Kb6+ 57. Kg6 Be8# 0-1

[Event "Bergen op"]
[Site "Bergen"]
[Date "2005.01.16"]
[Round "2"]
[White "Martinsen, Stig K"]
[Black "Kvamme, John Agnar"]
[Result "1/2-1/2"]
[WhiteElo "2097"]
[BlackElo "2097"]
[PlyCount "111"]
[EventDate "2005.01.15"]
[EventType "swiss"]
[EventRounds "5"]
[EventCountry "NOR"]
[SourceTitle "EXT 2008"]
[Source "ChessBase"]
[SourceDate "2007.11.25"]
[SourceVersion "1"]
[SourceVersionDate "2007.11.25"]
[SourceQuality "1"]

1. e4 d6 2. d4 Nf6 3. Nc3 g6 4. Be3 c6 5. Qd2 b5 6. Bd3 Nbd7 7. Nf3 e5 8. dxe5 dxe5 9. h3 Bg7 10. a4 b4 11. Ne2 a5 12. c3 c5 13. Rd1 0-0 14. Ng3 Qc7 15. Bb5 Rd8 16. cxb4 Bb7 17. Qc2 axb4 18. Nd2 Bf8 19. b3 Ba6 20. Bxa6 Rxa6 21. Nc4 Raa8 22. Qb2 Ne8 23. 0-0 Ng7 24. Ne2 Ne6 25. f4 Bg7 26. f5 Nd4 27. Nxd4 cxd4 28. Bd2 Nc5 29. f6 Bf8 30. Bxb4 Nxa4 31. Qd2 Bxb4 32. Qxb4 Nc3 33. Ra1 Nxe4 34. Rxa8 Rxa8 35. Qe1 Nc5 36. Qxe5 Qxe5 37. Nxe5 Nxb3 38. Rb1 Ra1 39. Rxa1 Nxa1 40. Kf2 Nc2 41. g4 h6 42. h4 Ne3 43. Kf3 Nd5 44. Ke4 Nxf6+ 45. Kxd4 h5 46. g5 Ne8 47. Nd7 Kg7 48. Ke5 Nc7 49. Nf6 Ne6 50. Nd7 Nc7 51. Kd6 Nb5+ 52. Ke5 Nc3 53. Kf4 Ne2+ 54. Ke5 Ng3 55. Nf6 Kf8 56. Kf4 1/2-1/2